<?xml version="1.0" encoding="UTF-8"?>
<record
    xmlns:xsi="http://www.w3.org/2001/XMLSchema-instance"
    xsi:schemaLocation="http://www.loc.gov/MARC21/slim http://www.loc.gov/standards/marcxml/schema/MARC21slim.xsd"
    xmlns="http://www.loc.gov/MARC21/slim">

  <leader>00846nam a2200205 i 4500</leader>
  <controlfield tag="001">167954</controlfield>
  <controlfield tag="003">ES-MaACL</controlfield>
  <controlfield tag="005">20230906213636.0</controlfield>
  <controlfield tag="008">051003s1895    gw f         |||| | ger d</controlfield>
  <datafield tag="100" ind1="1" ind2=" ">
    <subfield code="a">Wislicenus, Georg (</subfield>
    <subfield code="d">1858-1927)</subfield>
    <subfield code="9">133948</subfield>
  </datafield>
  <datafield tag="245" ind1="1" ind2="0">
    <subfield code="a">Unsere Kriegsflotte </subfield>
    <subfield code="b">: dem deutschen Volke in Wort und Bild dargestellt / </subfield>
    <subfield code="c">von George Wislicenus ; unter Mitwirkung der Marinemaler Carl Saltzmann, Friedr. Schwinge, Willy St&#xF6;wer.</subfield>
  </datafield>
  <datafield tag="260" ind1=" " ind2=" ">
    <subfield code="a">Leipzig : </subfield>
    <subfield code="b">F.A. Brockhaus, </subfield>
    <subfield code="c">1895.</subfield>
  </datafield>
  <datafield tag="300" ind1=" " ind2=" ">
    <subfield code="a">46 p., [20] h. de l&#xE1;m. col. ; </subfield>
    <subfield code="c">43 x 58 cm.</subfield>
  </datafield>
  <datafield tag="599" ind1=" " ind2=" ">
    <subfield code="a">L&#xE1;m. representan barcos.</subfield>
  </datafield>
  <datafield tag="650" ind1=" " ind2="4">
    <subfield code="a">Barcos de guerra-</subfield>
    <subfield code="v">Obras ilustradas.</subfield>
    <subfield code="9">162672</subfield>
  </datafield>
  <datafield tag="700" ind1="1" ind2=" ">
    <subfield code="a">Saltzmann, Carl.</subfield>
    <subfield code="9">168780</subfield>
  </datafield>
  <datafield tag="700" ind1="1" ind2=" ">
    <subfield code="a">Schwinge, Friedrich.</subfield>
    <subfield code="9">168781</subfield>
  </datafield>
  <datafield tag="700" ind1="1" ind2=" ">
    <subfield code="a">St&#xF6;wer, Willy.</subfield>
    <subfield code="9">168782</subfield>
  </datafield>
  <datafield tag="852" ind1="4" ind2=" ">
    <subfield code="a">ES-MaACL</subfield>
    <subfield code="j">B-6725   </subfield>
    <subfield code="z">- Enc. tela estampada en carpeta</subfield>
  </datafield>
  <datafield tag="999" ind1=" " ind2=" ">
    <subfield code="c">167954</subfield>
    <subfield code="d">167954</subfield>
  </datafield>
  <datafield tag="952" ind1=" " ind2=" ">
    <subfield code="0">0</subfield>
    <subfield code="1">0</subfield>
    <subfield code="4">0</subfield>
    <subfield code="7">0</subfield>
    <subfield code="8">LIBXIX</subfield>
    <subfield code="a">ATENEOM</subfield>
    <subfield code="b">ATENEOM</subfield>
    <subfield code="c">SPB</subfield>
    <subfield code="d">2008-01-17</subfield>
    <subfield code="e">SSC</subfield>
    <subfield code="l">0</subfield>
    <subfield code="o">B-6725</subfield>
    <subfield code="p">1176203</subfield>
    <subfield code="r">2023-02-23 00:00:00</subfield>
    <subfield code="w">2023-02-23</subfield>
    <subfield code="y">MONANT</subfield>
  </datafield>
</record>
